[Event "Titled Tuesday intern op 16th Apr Early"]
[Site "Chess.com INT"]
[Date "2024.04.16"]
[Round "4"]
[White "Sharapov, Evgeny"]
[Black "Bulatova, Kamaliya"]
[Result "1-0"]
[WhiteElo "2375"]
[BlackElo "2091"]
[PlyCount "71"]
[EventDate "2024.04.16"]
[EventType "swiss (blitz)"]
[EventRounds "11"]
[EventCountry "USA"]
[SourceTitle "CB17_2024"]
[SourceDate "2024.04.24"]
[SourceVersion "1"]
[SourceVersionDate "2024.04.24"]
[SourceQuality "1"]

1. e4 c5 2. Nf3 d6 3. d4 cxd4 4. Nxd4 Nf6 5. f3 e5 6. Nb3 Be6 7. c4 Be7 8. Be3 Nbd7 9. Nc3 0-0 10. Be2 Nb6 11. Nd5 Bxd5 12. cxd5 Na4 13. Qd2 a6 14. 0-0 b5 15. Na5 Qd7 16. Nc6 Bd8 17. b3 Nb6 18. Nxd8 Qxd8 19. Rfc1 Nbd7 20. Rc6 Ne8 21. a4 f5 22. exf5 Rxf5 23. axb5 axb5 24. Rxa8 Qxa8 25. Bxb5 Qa1+ 26. Rc1 Qa8 27. Bxd7 Rf8 28. Bxe8 Rxe8 29. b4 e4 30. f4 Rf8 31. b5 Rf5 32. b6 Rxd5 33. Rc8+ Qxc8 34. Qxd5+ Kh8 35. b7 Qb8 36. Qc6 1-0

[Event "Titled Tuesday intern op 16th Apr Early"]
[Site "Chess.com INT"]
[Date "2024.04.16"]
[Round "11"]
[White "Sharapov, Evgeny"]
[Black "Rabiega, Robert"]
[Result "1/2-1/2"]
[WhiteElo "2375"]
[BlackElo "2466"]
[PlyCount "122"]
[EventDate "2024.04.16"]
[EventType "swiss (blitz)"]
[EventRounds "11"]
[EventCountry "USA"]
[SourceTitle "CB17_2024"]
[SourceDate "2024.04.24"]
[SourceVersion "1"]
[SourceVersionDate "2024.04.24"]
[SourceQuality "1"]

1. e4 c6 2. d4 d5 3. e5 Bf5 4. Be3 e6 5. c4 Ne7 6. Nc3 dxc4 7. Bxc4 Nd7 8. Nge2 Nb6 9. Bb3 Bg6 10. 0-0 Nf5 11. Ng3 Be7 12. Nce4 0-0 13. Qg4 Nd5 14. Bxd5 Qxd5 15. Rfd1 Nxe3 16. fxe3 f5 17. exf6 gxf6 18. Nc3 Qd7 19. h4 Kh8 20. h5 Bf7 21. Rf1 Rg8 22. Qf4 Rg7 23. Nge4 Rag8 24. Nxf6 Bxf6 25. Qxf6 Bxh5 26. Rf2 Qf7 27. Ne4 Qg6 28. Qxg6 Bxg6 29. Nc5 Re7 30. Raf1 Rge8 31. Rf8+ Rxf8 32. Rxf8+ Kg7 33. Rb8 b6 34. Rb7 Kf6 35. Rxe7 Kxe7 36. Nb3 e5 37. dxe5 c5 38. Kf2 Ke6 39. Nd2 Kxe5 40. Kf3 Kd5 41. Kf4 c4 42. e4+ Kc5 43. e5 b5 44. a3 a5 45. Kg5 b4 46. axb4+ axb4 47. Kf6 c3 48. bxc3 bxc3 49. Nb3+ Kc4 50. Nc1 Kd4 51. e6 Ke3 52. e7 Kd2 53. Na2 c2 54. Kg7 c1Q 55. Nxc1 Kxc1 56. Kf8 Kd2 57. e8Q Bxe8 58. Kxe8 h5 59. Kf7 Ke3 60. Kg6 Kf2 61. Kxh5 Kxg2 1/2-1/2

[Event "Titled Tuesday intern op 02nd Apr Early"]
[Site "Chess.com INT"]
[Date "2024.04.02"]
[Round "2"]
[White "Efimenko, Zahar"]
[Black "Sharapov, Evgeny"]
[Result "1-0"]
[WhiteElo "2565"]
[BlackElo "2375"]
[PlyCount "63"]
[EventDate "2024.04.02"]
[EventType "swiss (blitz)"]
[EventRounds "11"]
[EventCountry "USA"]
[SourceTitle "CB15_2024"]
[SourceDate "2024.04.10"]
[SourceVersion "1"]
[SourceVersionDate "2024.04.10"]
[SourceQuality "1"]

1. e4 c5 2. Nf3 d6 3. Bb5+ Bd7 4. c4 Nc6 5. d4 cxd4 6. Nxd4 Nf6 7. Nc3 e6 8. 0-0 Be7 9. Be3 0-0 10. Rc1 a6 11. Bxc6 Bxc6 12. f3 d5 13. cxd5 exd5 14. e5 Nd7 15. f4 Nc5 16. Qg4 Kh8 17. Nf5 Ne6 18. Rcd1 g6 19. Nxe7 Qxe7 20. Nxd5 Bxd5 21. Rxd5 Rad8 22. Rxd8 Rxd8 23. f5 gxf5 24. Qxf5 Rd7 25. h3 Qh4 26. Kh2 h5 27. Rf3 Nf8 28. Bg5 Qe1 29. Bf6+ Kg8 30. Rg3+ Ng6 31. Rxg6+ fxg6 32. Qxd7 1-0

[Event "Titled Tuesday intern op 13th Feb Early"]
[Site "Chess.com INT"]
[Date "2024.02.13"]
[Round "9"]
[White "Nigalidze, Gaioz"]
[Black "Sharapov, Evgeny"]
[Result "0-1"]
[WhiteElo "2373"]
[BlackElo "2375"]
[PlyCount "98"]
[EventDate "2024.02.13"]
[EventType "swiss (blitz)"]
[EventRounds "11"]
[EventCountry "USA"]
[SourceTitle "CB08_2024"]
[SourceDate "2024.02.21"]
[SourceVersion "1"]
[SourceVersionDate "2024.02.21"]
[SourceQuality "1"]

1. e4 c5 2. Nf3 d6 3. d4 cxd4 4. Nxd4 Nf6 5. Nc3 Nc6 6. Bc4 Qb6 7. Nxc6 bxc6 8. 0-0 g6 9. Bb3 Bg7 10. Be3 Qc7 11. h3 0-0 12. Qd2 Nd7 13. Rad1 a5 14. Rfe1 Nb6 15. a4 Ba6 16. Bd4 Bxd4 17. Qxd4 c5 18. Qe3 c4 19. Ba2 Rab8 20. Qd4 Qc5 21. Qxc5 dxc5 22. b3 Rfd8 23. Rxd8+ Rxd8 24. Rd1 Rxd1+ 25. Nxd1 cxb3 26. cxb3 e5 27. Ne3 h5 28. f3 Kf8 29. Kf2 Ke7 30. Ke1 h4 31. Kd2 f6 32. Kc3 Kd6 33. Bb1 Bc8 34. Bd3 Bd7 35. Bc4 g5 36. Bf7 Bc8 37. Bc4 Bd7 38. Bb5 Be6 39. Be8 Bc8 40. Bg6 Be6 41. Bf5 Bf7 42. Bg4 Kc7 43. Nf5 c4 44. Nh6 Bg6 45. Ng8 cxb3 46. Nxf6 Bf7 47. Nh7 Nxa4+ 48. Kd2 b2 49. Kc2 Ba2 0-1

[Event "Titled Tuesday intern op 13th Feb Early"]
[Site "Chess.com INT"]
[Date "2024.02.13"]
[Round "2"]
[White "Sharapov, Evgeny"]
[Black "Dyulgerov, Volen"]
[Result "1-0"]
[WhiteElo "2375"]
[BlackElo "2200"]
[PlyCount "77"]
[EventDate "2024.02.13"]
[EventType "swiss (blitz)"]
[EventRounds "11"]
[EventCountry "USA"]
[SourceTitle "CB08_2024"]
[SourceDate "2024.02.21"]
[SourceVersion "1"]
[SourceVersionDate "2024.02.21"]
[SourceQuality "1"]

1. e4 c5 2. Nf3 d6 3. d4 cxd4 4. Nxd4 Nf6 5. f3 e5 6. Nb3 Be6 7. c4 Nc6 8. Nc3 Be7 9. Be3 0-0 10. Be2 a5 11. Nd2 a4 12. 0-0 a3 13. b3 Qa5 14. Nd5 Bxd5 15. cxd5 Nd4 16. Nc4 Qb4 17. Bxd4 exd4 18. Qxd4 Nd7 19. Qd2 Qc5+ 20. Kh1 b5 21. Na5 Bf6 22. Rac1 Qb6 23. Nc6 Rfe8 24. Bd3 g5 25. f4 gxf4 26. Qxf4 Kh8 27. Qf5 Be5 28. Qxd7 Rg8 29. Rxf7 Bg7 30. e5 Qe3 31. Rd1 dxe5 32. Qf5 e4 33. Bxe4 Qh6 34. d6 Raf8 35. d7 Rxf7 36. Qxf7 Bf6 37. d8Q Bxd8 38. Nxd8 Qd2 39. Qxh7# 1-0

[Event "Titled Tuesday intern op 16th Jan Early"]
[Site "Chess.com INT"]
[Date "2024.01.16"]
[Round "4"]
[White "Dyulgerov, Volen"]
[Black "Sharapov, Evgeny"]
[Result "0-1"]
[WhiteElo "2200"]
[BlackElo "2375"]
[PlyCount "60"]
[EventDate "2024.01.16"]
[EventType "swiss (blitz)"]
[EventRounds "11"]
[EventCountry "USA"]
[SourceTitle "CB04_2024"]
[SourceDate "2023.10.16"]
[SourceVersion "1"]
[SourceVersionDate "2023.10.16"]
[SourceQuality "1"]

1. e4 c5 2. Nf3 d6 3. d4 cxd4 4. c3 Nf6 5. Bd3 dxc3 6. 0-0 g6 7. Nxc3 Bg7 8. Bg5 0-0 9. Qd2 Nbd7 10. Bh6 b6 11. Rac1 Bb7 12. Bxg7 Kxg7 13. Nd4 Nc5 14. Bb1 Ncxe4 15. Nxe4 Nxe4 16. Bxe4 Bxe4 17. Rfe1 Bb7 18. Nf5+ gxf5 19. Qg5+ Kh8 20. Rxe7 Rg8 21. Qf6+ Rg7 22. h4 Bd5 23. h5 Kg8 24. Rcc7 Rc8 25. Red7 Rxg2+ 26. Kf1 Qxf6 27. Rxc8+ Kg7 28. Rdd8 Kh6 29. Rh8 Qxb2 30. Rc1 Qxf2# 0-1

[Event "Titled Tuesday intern op 16th Jan Early"]
[Site "Chess.com INT"]
[Date "2024.01.16"]
[Round "9"]
[White "Herman, Daniel"]
[Black "Sharapov, Evgeny"]
[Result "1-0"]
[WhiteElo "1927"]
[BlackElo "2375"]
[PlyCount "81"]
[EventDate "2024.01.16"]
[EventType "swiss (blitz)"]
[EventRounds "11"]
[EventCountry "USA"]
[SourceTitle "CB04_2024"]
[SourceDate "2023.10.16"]
[SourceVersion "1"]
[SourceVersionDate "2023.10.16"]
[SourceQuality "1"]

1. c4 c5 2. g3 Nc6 3. Bg2 g6 4. Nf3 Bg7 5. 0-0 e5 6. Nc3 d6 7. Ne1 Be6 8. d3 Nge7 9. Nc2 d5 10. cxd5 Nxd5 11. Nxd5 Bxd5 12. Bxd5 Qxd5 13. Ne3 Qd7 14. b3 e4 15. Ba3 exd3 16. Bxc5 0-0-0 17. Rc1 Kb8 18. exd3 Qxd3 19. Qf3 f5 20. Rfd1 Qe4 21. Qxe4 fxe4 22. Rxd8+ Rxd8 23. Rc4 Nd4 24. Bxd4 Rxd4 25. Kf1 Rxc4 26. Nxc4 Bd4 27. Ke2 Kc7 28. Nd2 Kd6 29. Nxe4+ Kd5 30. Kd3 Bg7 31. f4 h5 32. Ng5 Bf6 33. Nf3 a6 34. h3 b5 35. g4 hxg4 36. hxg4 Kc5 37. g5 Bg7 38. Nh4 Kb4 39. Nxg6 Ka3 40. f5 Kxa2 41. f6 1-0

[Event "Titled Tuesday intern op 16th Jan Early"]
[Site "Chess.com INT"]
[Date "2024.01.16"]
[Round "7"]
[White "Sharapov, Evgeny"]
[Black "Baziuk, Vladyslav"]
[Result "1/2-1/2"]
[WhiteElo "2375"]
[BlackElo "2211"]
[PlyCount "69"]
[EventDate "2024.01.16"]
[EventType "swiss (blitz)"]
[EventRounds "11"]
[EventCountry "USA"]
[SourceTitle "CB04_2024"]
[SourceDate "2023.10.16"]
[SourceVersion "1"]
[SourceVersionDate "2023.10.16"]
[SourceQuality "1"]

1. e4 c5 2. Nf3 Nc6 3. d4 cxd4 4. Nxd4 Nf6 5. Nc3 e6 6. Ndb5 Bc5 7. Bf4 0-0 8. Bc7 Qe7 9. Bd6 Bxd6 10. Qxd6 Qd8 11. f3 a6 12. Nd4 Qb6 13. Nxc6 dxc6 14. 0-0-0 Qa5 15. g4 e5 16. Bc4 Re8 17. g5 Nh5 18. g6 Be6 19. gxf7+ Bxf7 20. Bxf7+ Kxf7 21. Qd7+ Re7 22. Qf5+ Nf6 23. Rhg1 g6 24. Qg5 Rd8 25. f4 Rxd1+ 26. Rxd1 Qc5 27. f5 Nh5 28. fxg6+ hxg6 29. Rf1+ Kg7 30. Ne2 Rf7 31. Rg1 Rf6 32. Rd1 Rf7 33. Rg1 Rf6 34. Rd1 Rf7 35. Rg1 1/2-1/2

[Event "Titled Tuesday intern op 16th Jan Early"]
[Site "Chess.com INT"]
[Date "2024.01.16"]
[Round "10"]
[White "Sharapov, Evgeny"]
[Black "Hercegovac, Neven"]
[Result "0-1"]
[WhiteElo "2375"]
[BlackElo "2301"]
[PlyCount "84"]
[EventDate "2024.01.16"]
[EventType "swiss (blitz)"]
[EventRounds "11"]
[EventCountry "USA"]
[SourceTitle "CB04_2024"]
[SourceDate "2023.10.16"]
[SourceVersion "1"]
[SourceVersionDate "2023.10.16"]
[SourceQuality "1"]

1. e4 e6 2. d4 d5 3. Nc3 Nf6 4. e5 Nfd7 5. f4 c5 6. Nf3 Nc6 7. Be3 cxd4 8. Nxd4 Qb6 9. Qd2 Qxb2 10. Rb1 Qa3 11. Bb5 Nxd4 12. Bxd4 a6 13. Bxd7+ Bxd7 14. Rxb7 Bb4 15. 0-0 Bc8 16. Rb6 0-0 17. Rf3 Qa5 18. f5 exf5 19. Rg3 Be6 20. Qh6 g6 21. Rxe6 fxe6 22. Rxg6+ hxg6 23. Qxg6+ Kh8 24. Qh6+ Kg8 25. Qxe6+ Rf7 26. Nxd5 Bc5 27. Nf6+ Kg7 28. Nh5+ Kf8 29. Qh6+ Ke7 30. Qg5+ Kd7 31. e6+ Kxe6 32. Qe3+ Kd7 33. Bxc5 Re8 34. Qd4+ Kc8 35. h3 Qe1+ 36. Kh2 Qe5+ 37. Qxe5 Rxe5 38. Bd4 Re2 39. a3 f4 40. Kg1 Rxc2 41. Kf1 Rd7 42. Be5 Rd1# 0-1

[Event "Titled Tuesday intern op 09th Jan Early"]
[Site "Chess.com INT"]
[Date "2024.01.09"]
[Round "5"]
[White "Golubovic, Erik"]
[Black "Sharapov, Evgeny"]
[Result "0-1"]
[WhiteElo "2025"]
[BlackElo "2375"]
[PlyCount "126"]
[EventDate "2024.01.09"]
[EventType "swiss (blitz)"]
[EventRounds "11"]
[EventCountry "USA"]
[SourceTitle "CB03_2024"]
[SourceDate "2024.01.17"]
[SourceVersion "1"]
[SourceVersionDate "2024.01.17"]
[SourceQuality "1"]

1. d4 Nf6 2. c4 e6 3. Nf3 Bb4+ 4. Bd2 c5 5. Bxb4 cxb4 6. g3 0-0 7. Bg2 d6 8. 0-0 Nbd7 9. a3 bxa3 10. Nxa3 a6 11. Qd3 Qc7 12. b4 e5 13. e4 b6 14. d5 Bb7 15. Rfc1 a5 16. Nb5 Qb8 17. Nd2 axb4 18. Rxa8 Bxa8 19. Rb1 Nc5 20. Qc2 Bb7 21. Rxb4 Ba6 22. Rb1 Bxb5 23. Rxb5 Qa7 24. Qb2 Rb8 25. Bf3 h6 26. Kg2 Kh7 27. h4 Ne8 28. Bg4 Nc7 29. h5 Nxb5 30. cxb5 Qa4 31. Qc3 Qd4 32. Qxd4 exd4 33. Nc4 d3 34. Kf3 g6 35. Ke3 Kg7 36. Nxd6 d2 37. Kxd2 Rd8 38. e5 Ne4+ 39. Nxe4 Rxd5+ 40. Ke3 Rxb5 41. f4 Rb3+ 42. Kf2 b5 43. Be2 b4 44. hxg6 fxg6 45. Nc5 Rc3 46. Ne4 Rc2 47. Ke3 b3 48. Bd3 Rc1 49. Nd2 b2 50. Nb1 h5 51. Kf3 Rd1 52. Ke3 Rg1 53. Kf2 Rh1 54. Ke3 Rh3 55. Kf2 h4 56. Bf1 Rxg3 57. Be2 Rb3 58. Bf3 Rb4 59. Ke3 h3 60. Bh1 h2 61. Bg2 Ra4 62. Be4 Ra1 63. Kf2 Rxb1 0-1

[Event "Titled Tuesday intern op 09th Jan Early"]
[Site "Chess.com INT"]
[Date "2024.01.09"]
[Round "6"]
[White "Kozak, Antoni"]
[Black "Sharapov, Evgeny"]
[Result "1-0"]
[WhiteElo "2442"]
[BlackElo "2375"]
[PlyCount "71"]
[EventDate "2024.01.09"]
[EventType "swiss (blitz)"]
[EventRounds "11"]
[EventCountry "USA"]
[SourceTitle "CB03_2024"]
[SourceDate "2024.01.17"]
[SourceVersion "1"]
[SourceVersionDate "2024.01.17"]
[SourceQuality "1"]

1. d4 Nf6 2. Nf3 e6 3. Bf4 c5 4. e3 Nc6 5. Nbd2 d5 6. c3 Bd6 7. Bb5 Bxf4 8. exf4 cxd4 9. Nxd4 Bd7 10. N2f3 0-0 11. Bxc6 bxc6 12. b4 a5 13. 0-0 axb4 14. cxb4 Qb6 15. Qb3 c5 16. bxc5 Qxc5 17. Rfc1 Qa5 18. g3 Rfb8 19. Qc3 Qxc3 20. Rxc3 Ra4 21. a3 Rba8 22. Nc2 Rc4 23. Rxc4 dxc4 24. Kf1 Ba4 25. Nfd4 Nd5 26. Ne3 Nxe3+ 27. fxe3 Rb8 28. Rc1 Bb3 29. Ke2 h5 30. Kd2 Ra8 31. Ra1 e5 32. fxe5 Re8 33. a4 Rxe5 34. a5 c3+ 35. Kxc3 Rxe3+ 36. Kd2 1-0

[Event "Titled Tuesday intern op 09th Jan Early"]
[Site "Chess.com INT"]
[Date "2024.01.09"]
[Round "4"]
[White "Sharapov, Evgeny"]
[Black "Ozer, Omer Faruk"]
[Result "0-1"]
[WhiteElo "2375"]
[BlackElo "2337"]
[PlyCount "70"]
[EventDate "2024.01.09"]
[EventType "swiss (blitz)"]
[EventRounds "11"]
[EventCountry "USA"]
[SourceTitle "CB03_2024"]
[SourceDate "2024.01.17"]
[SourceVersion "1"]
[SourceVersionDate "2024.01.17"]
[SourceQuality "1"]

1. e4 e5 2. Nf3 Nc6 3. Bb5 a6 4. Ba4 Nf6 5. d3 b5 6. Bb3 h6 7. 0-0 d6 8. c3 g6 9. Re1 Bg7 10. a4 Rb8 11. axb5 axb5 12. Nbd2 0-0 13. Nf1 Kh7 14. Ng3 Be6 15. Bxe6 fxe6 16. d4 Nd7 17. Be3 Ra8 18. Qd3 Rxa1 19. Rxa1 Qb8 20. d5 exd5 21. exd5 Ne7 22. Ne4 Qb7 23. Rd1 Ra8 24. b3 Qxd5 25. h4 Qxd3 26. Rxd3 Ra1+ 27. Kh2 d5 28. Nc5 e4 29. Nxe4 Ne5 30. Neg5+ hxg5 31. Nxg5+ Kg8 32. Rd2 Ng4+ 33. Kg3 Nxe3 34. fxe3 Bxc3 35. Rc2 b4 0-1

[Event "Titled Tuesday intern op 09th Jan Early"]
[Site "Chess.com INT"]
[Date "2024.01.09"]
[Round "7"]
[White "Sharapov, Evgeny"]
[Black "Sarkar, Justin"]
[Result "1-0"]
[WhiteElo "2375"]
[BlackElo "2272"]
[PlyCount "59"]
[EventDate "2024.01.09"]
[EventType "swiss (blitz)"]
[EventRounds "11"]
[EventCountry "USA"]
[SourceTitle "CB03_2024"]
[SourceDate "2024.01.17"]
[SourceVersion "1"]
[SourceVersionDate "2024.01.17"]
[SourceQuality "1"]

1. e4 e5 2. Nf3 Nc6 3. Bb5 a6 4. Ba4 Nf6 5. d3 b5 6. Bb3 Be7 7. a4 Bb7 8. Nc3 b4 9. Nd5 0-0 10. 0-0 d6 11. Nxe7+ Qxe7 12. Bg5 Nd8 13. Nh4 Ne6 14. Nf5 Qd8 15. Bh4 Nf4 16. Qf3 c5 17. g3 Ne6 18. Nh6+ Kh8 19. Nxf7+ Rxf7 20. Bxe6 Rf8 21. Bc4 Qe8 22. Bxf6 Rxf6 23. Qg2 Qh5 24. f4 exf4 25. Rxf4 Raf8 26. Raf1 Qe5 27. Rxf6 Rxf6 28. Rxf6 gxf6 29. b3 f5 30. Qf2 1-0

[Event "Titled Tuesday intern op 19th Dec Early"]
[Site "Chess.com INT"]
[Date "2023.12.19"]
[Round "5"]
[White "Sharapov, Evgeny"]
[Black "Kravtsiv, Martyn"]
[Result "0-1"]
[WhiteElo "2375"]
[BlackElo "2598"]
[PlyCount "44"]
[EventDate "2023.12.19"]
[EventType "swiss (blitz)"]
[EventRounds "11"]
[EventCountry "USA"]
[SourceTitle "CB52_2023"]
[SourceDate "2023.12.27"]
[SourceVersion "1"]
[SourceVersionDate "2023.12.27"]
[SourceQuality "1"]

1. e4 e5 2. Nf3 Nc6 3. Bb5 a6 4. Ba4 Nf6 5. d3 Bc5 6. 0-0 d6 7. h3 0-0 8. c3 Ba7 9. Nbd2 Ne7 10. Re1 Ng6 11. Nf1 c6 12. Be3 Re8 13. Bxa7 Rxa7 14. Ng3 h6 15. Bb3 d5 16. Qe2 b6 17. Rad1 Rae7 18. Qe3 Qc7 19. Nf5 Bxf5 20. exf5 Nf4 21. g3 Nxh3+ 22. Kh2 Ng4+ 0-1

[Event "Titled Tuesday intern op 14th Nov Early"]
[Site "Chess.com INT"]
[Date "2023.11.14"]
[Round "8"]
[White "Osinovsky, Stepan"]
[Black "Sharapov, Evgeny"]
[Result "0-1"]
[WhiteElo "2241"]
[BlackElo "2375"]
[PlyCount "72"]
[EventDate "2023.11.14"]
[EventType "swiss (blitz)"]
[EventRounds "11"]
[EventCountry "USA"]
[SourceTitle "CB47_2023"]
[SourceDate "2023.11.22"]
[SourceVersion "1"]
[SourceVersionDate "2023.11.22"]
[SourceQuality "1"]

1. e4 c5 2. Nf3 d6 3. d4 cxd4 4. Nxd4 Nf6 5. Nc3 Nbd7 6. Be3 g6 7. Qd2 h5 8. 0-0-0 Bg7 9. Kb1 a6 10. f4 0-0 11. h3 Nc5 12. Bd3 Nxd3 13. cxd3 b5 14. g4 b4 15. Nce2 Bb7 16. gxh5 Nxh5 17. f5 Qd7 18. Rhg1 Kh7 19. Ng3 Nxg3 20. Rxg3 Be5 21. Rg4 Rh8 22. fxg6+ fxg6 23. Rdg1 Rag8 24. Nf3 Bf6 25. Bd4 e5 26. Be3 d5 27. Bg5 Qe7 28. Bxf6 Qxf6 29. Nh4 dxe4 30. dxe4 Rg7 31. Nf5 Bxe4+ 32. Rxe4 gxf5 33. Rh4+ Qxh4 34. Rxg7+ Kxg7 35. Qd7+ Kg6 36. a3 Qe4+ 0-1